000
002570000a22000970004500
100
1
_a
Wallace, Ian
245
1
0
_a
Reconstrucción después del conflicto : Experiencias en Ruanda
300
_a
Núm 36 (1998), Páginas 4-5
773
0
_t
Paso a paso
942
_c
ANA
999
_c
52476
_d
52476